Luka-luka semalam

Bibliographic Details
Main Author: Dr. Azizah Johor
Format: Book
Published: Kuala Lumpur : Creative Enterprise , 2003
Subjects:

MARC

LEADER 00000cam a2200000 7i4500
001 0000011577
005 20071115.0
008 071115
020 |a 9838934860 
090 0 0 |a AZI   |b MAL 
100 0 |a Dr. Azizah Johor 
245 1 0 |a Luka-luka semalam   |c Dr. Azizah Johor 
260 |a Kuala Lumpur :   |b Creative Enterprise ,   |c 2003 
650 0 |a Malay fiction 
650 0 |a Novel 
999 |a 0000906380   |b Book   |c Adult Collection   |e Cawangan Bandar Tenggara 
999 |a 0000934477   |b Book   |c Adult Collection   |e Cawangan Tangkak 
999 |a 0000940389   |b Book   |c Adult Collection   |e Cawangan Taman Sri Lambak 
999 |a 0001001886   |b Book   |c Adult Collection   |e Perbadanan Perpustakaan Awam Johor 
999 |a 0001001887   |b Book   |c Adult Collection   |e Perbadanan Perpustakaan Awam Johor